000 00278nam a22001217a 4500
008 180910b xxu||||| |||| 00| 0 eng d
041 _aeng
080 _23 ed
_a617
100 _a5
101 _aKIR
245 _aEquine Medicine And Surgery
_cColahna P.T
942 _2udc
_cBK
999 _c47622
_d47622